COMPARISON OF THE EFFECT OF FUNCTIONAL TRAINING AND CORE STRENGTHING EXERCISES ON VARIABLES OF PHYSICAL FITNESS IN THE RACQUET PLAYERS (Record no. 32201)

MARC details
000 -LEADER
fixed length control field 00420nam a22001457a 4500
003 - CONTROL NUMBER IDENTIFIER
control field SGT
082 ## - DEWEY DECIMAL CLASSIFICATION NUMBER
Classification number 617.84
Item number C24K
100 ## - MAIN ENTRY--PERSONAL NAME
Personal name KAUR, KAMALPREET
245 ## - TITLE STATEMENT
Title COMPARISON OF THE EFFECT OF FUNCTIONAL TRAINING AND CORE STRENGTHING EXERCISES ON VARIABLES OF PHYSICAL FITNESS IN THE RACQUET PLAYERS
260 ## - PUBLICATION, DISTRIBUTION, ETC. (IMPRINT)
Place of publication, distribution, etc GURUGRAM
Name of publisher, distributor, etc SGT UNIVERSITY
Year of Publication 2024
300 ## - PAGE DESCRIPTION
No. of Pages 113
650 ## - SUBJECT ADDED ENTRY--TOPICAL TERM
Topical term or geographic name as entry element SPORTS
653 ## - KEYWORDS--INDEX TERM
Keyword term MPT
942 ## - ADDED ENTRY ELEMENTS (KOHA)
Source of classification or shelving scheme Dewey Decimal Classification
Koha item type Thesis/Dissertation
Holdings
Withdrawn status Lost status Source of classification or shelving scheme Damaged status Not for loan Home library Current library Shelving location Date acquired Total Checkouts Full call number Accession No. (Barcode) Date last seen Bill Date Koha item type
    Dewey Decimal Classification   Not For Loan SGT Medical Library SGT Medical Library Reference Book 12/08/2025   617.84 C24K DT2319 12/08/2025 12/08/2025 Thesis/Dissertation